000 00345nam a2200145Ia 4500
008 231217s9999 xx 000 0 und d
041 _aEnglish
082 _a001.61 AWA
100 _aAwad, Elias M
245 0 _aSystems analysis and design
250 _a2nd ed.
260 _c1997
_bGalgotia
_aNew Delhi
300 _axiv+524
942 _cAA
999 _c171339
_d171339